000
00293nam a22001217a 4500
020
_a
0-408-00184-4
082
_a
629.2 WES'A
100
_a
WESTON, E.B
_9
76028
245
_a
AUTOMOBILE TRANSMISSION SYSTEMS QUESTIONS & ANSWERS
260
_a
USA
_b
NEWNESS
_c
1976
300
_a
162P
942
_c
BK
999
_c
581427
_d
581427